Anuari MCMIX-X : Any III / Institut d'Estudis Catalans Any III / Institut d'Estudis Catalans
Descripción Física:
790 p. : il. ; 33 cm
Materias:
Institut d'Estudis Catalans -- Memòries
MARC
| LEADER | 00000nam a2200000Ia 4500 | ||
|---|---|---|---|
| 001 | 998 | ||
| 008 | 160829s1911 xx 000 0 cat d | ||
| 080 | |a FOL-1-28 | ||
| 110 | 2 | |a Institut d'Estudis Catalans |9 52284 | |
| 245 | |a Anuari MCMIX-X : |b Any III / Institut d'Estudis Catalans | ||
| 260 | |a Barcelona : |b (Henrich y Cia en Comandita), |c 1911 | ||
| 300 | |a 790 p. : |b il. ; |c 33 cm | ||
| 590 | |a A la part inferior de la portada, Barcelona. Palau de la Diputació. | ||
| 650 | |a Institut d'Estudis Catalans |x Memòries |9 37047 | ||
| 901 | |a Arxiu | ||
| 942 | |n 1 | ||
| 952 | |0 0 |1 0 |4 0 |6 FOL128 |7 1 |9 43258 |a Arxiu |b Arxiu |d 2016-12-01 |l 0 |o FOL-1-28 |p 998 |r 2016-12-01 00:00:00 |w 2016-12-01 |y ARXIU | ||
| 999 | |c 45803 |d 45803 | ||